000 00670nam 22002293 4500
001 200790
010 _a972-41-3159-9
021 _aPT
_b184334/02
090 _a200790
100 _a20240315d u||y0pory50 ba
200 _aNo interior da tua ausência
_fBaptista-Bastos
205 _a
210 _aLisboa
_cASA
_d2002
215 _a200, [8] p.
_cEncadernado
_d21 cm
225 _aBiblioteca Baptista-Bastos
317 _a. - Oferta com dedicatória do escritor ao Prof. Dr. Almeida Faria
606 _aLiteratura Portuguesa
_96
675 _a821.134.3-3
_vPT
_zpor
700 _93517
_aBastos
_bBaptista
801 _aPT
_bBMMN
_gRPC
830 _cAna
_fAna
990 _cLIVROS